000 00994nas a2200325 4500
001 BR2019001518
003 BR-BrBNA
005 20231205131929.0
007 ta
008 230509b bl.|||p| |||| 00| 00por d
040 _aBR-BrBNA
_bpor
_cBiblioteca Nacional de Agricultura
041 _a(Pt)
072 _aP34
100 1 _aSantos, T.E.B. dos
100 1 _aMelo, M.A. de
100 1 _aRamos, T.V.
100 1 _aSouza, A.G.V.
100 1 _aBrandão, T.P.
245 1 _aComportamento da comunidade microbiana no sistema silviagrícola na região de cerrado
650 _aLAVOURA
650 _aINTEGRAÇÃO
650 _aFLORESTA
650 _aMICROBIOLOOGIA DO SOLO
650 _aBIOMASSA
650 _aCARBONO
773 0 _tRevista Agrotecnologia (Brazil)
_xISSN 2179-5959
_g(2018), v. 9(2) p. 18-27
_wBR2019001518
856 4 0 _uhttps://www.revista.ueg.br/index.php/agrotecnologia/article/view/6163
909 _a202311
_bLúcia
_c55
_dLúcia Elande
942 _2AGRIS
_n0
_cANA
999 _c257537
_d257537